000 02986cad a22004575a 4500
001 L141251
008 071108s2007 xxk f f 000 0 eng d
020 _a9781842193426
035 _a(Sirsi) u141251
041 0 _aeng
050 0 4 _a333.332 $2 18
110 2 _aRoyal Institution of Chartered Surveyors
_94900
240 0 0 _aRed Book
245 0 0 _aRICS valuation standards
250 _a6th ed.
260 _aLondon
_bRICS
_c2007
350 _a150
490 0 _aRICS Guidance Note
490 0 _aRICS Red Book
490 0 _aRICS Practice Statement
490 0 _aRICS UK Guidance Note
490 0 _aRICS Valuation Information Paper
490 0 _aRICS UK Practice Statement
505 2 _aIntroduction: Purpose of these standards -- International Valuation Standards -- Enforcement of these Standards -- How these standards are arranged -- Amendments and exposure drafts -- Effective date
505 2 _aGlossary
505 2 _aPractice statements: PS1 Compliance and ethical requirements -- PS2 Agreement of terms of engagement -- PS3 Basis of value -- PS4 Applications -- PS5 Investigations -- PS6 Valuation Reports
505 2 _aGuidance notes: GN1 Trade and related property valuations -- GN2 Plant and equipment -- GN3 Valuations of portfolios and groups of properties --GN4 Mineral-bearing land and waste management -- GN5 Valuation uncertainty
505 2 _aUK practice statements: UKPS1 Valuations for financial statements -- UKPS2 Valuations for financial statements: specific applications -- UKPS3 Valuations for loan facilities -- UKPS4 Residential property valuations (other than for mortgage purposes) -- UKPS5 Regulated purpose valuations
505 2 _aUK guidance notes: UKGN1 Inspections and material considerations -- UKGN2 Shared ownership of residential property -- UKGN3 Valuations for capital gains tax, inheritance tax and stamp duty land tax -- UKGN4 Valuations for charities -- UKGN5 Local authority disposal of land for less than best consideration
505 2 _aValuation information papers
505 2 _aIndex
520 _aSets out the procedural rules and guidance for members carrying out most types of valuation instructions and provides a framework for best practice in the execution and delivery of valuations. Compliance with these standards is mandatory for members of RICS. This edition incorporates the new RICS Rules of Conduct which came into effect on 1 June 2007.
520 _aEffective from 1 January 2008. Supersedes the "RICS appraisal and valuation standards" (ISBN 1842191233).
520 _aUpdated by the September 2008 Amendment which is included as a supplement
520 _aSuperseded by March 2009 reprint (see E146786).
650 2 4 _aRICS VALUATION STANDARDS
651 4 _aInternational
690 _aPROPERTY-PROPERTY APPRAISAL AND VALUATION
856 _uhttps://www.isurv.com/site/scripts/download_info.php?downloadID=408
_zArchived on isurv (subscription required)
942 _n0
_2ddc
999 _c107618
_d107618